| 000 | 00602nam a22002297a 4500 | ||
|---|---|---|---|
| 003 | LK-CoMWRAF | ||
| 005 | 20231009232225.0 | ||
| 008 | 231009b1977 |||||||| |||| 00| 0 eng d | ||
| 020 | _a0901269255 | ||
| 040 |
_aLK-CoMWRAF _dLK-CoMWRAF _eLK-CoMWRAF |
||
| 041 | _aeng | ||
| 082 |
_a301.4 _bWIL |
||
| 100 | _aWilhelmsen, Jens Jonathan | ||
| 242 | _aMennesket og strukturene. | ||
| 245 | _aMan and structures | ||
| 260 |
_aLondon: _bGrosvenor Books, _c1977 |
||
| 300 | _a ix, 76 p. ; 19 cm. | ||
| 650 | _aSOCIAL CONFLICT | ||
| 650 | _aSocial systems | ||
| 650 | _aSocial structure | ||
| 942 | _cBK | ||
| 999 |
_c3817 _d3817 |
||